[Event "PAR-ch sf"]
[Site "Asuncion"]
[Date "2023.10.29"]
[Round "5"]
[White "Barrera Caicedo, Hubert Steven"]
[Black "Bergonzi, Osvaldo"]
[Result "1-0"]
[WhiteElo "1856"]
[BlackElo "1881"]
[PlyCount "83"]
[EventDate "2023.10.27"]
[EventType "swiss"]
[EventRounds "9"]
[EventCountry "PAR"]
[SourceTitle "CB48_2023"]
[SourceDate "2023.11.29"]
[SourceVersion "1"]
[SourceVersionDate "2023.11.29"]
[SourceQuality "1"]

1. e4 c5 2. c3 g6 3. d4 cxd4 4. cxd4 Bg7 5. Nf3 d5 6. e5 Nh6 7. Bb5+ Nc6 8. 0-0 0-0 9. h3 f6 10. exf6 exf6 11. Nc3 Be6 12. Re1 Qd6 13. Bf4 Qd7 14. Na4 Rae8 15. Nc5 Qc8 16. Rc1 Bd7 17. Qb3 Bxh3 18. gxh3 Qxh3 19. Qxd5+ Kh8 20. Rxe8 Rxe8 21. Bxc6 bxc6 22. Qxc6 Qg4+ 23. Bg3 Rc8 24. Qb7 Rd8 25. Qe4 Qh3 26. Ne6 Re8 27. d5 Nf5 28. Rc4 Nxg3 29. fxg3 Qxg3+ 30. Kf1 f5 31. Qf4 Qh3+ 32. Kg1 Bxb2 33. Rc2 Bf6 34. Rh2 Qg4+ 35. Qxg4 fxg4 36. Nfg5 h5 37. d6 Bxg5 38. Nxg5 Re1+ 39. Kf2 Rd1 40. Ke3 g3 41. Rd2 Re1+ 42. Kf3 1-0

[Event "PAR-ch sf"]
[Site "Asuncion"]
[Date "2020.03.08"]
[Round "7"]
[White "Bergonzi, Osvaldo"]
[Black "Heinechen, John"]
[Result "0-1"]
[WhiteElo "1901"]
[BlackElo "1948"]
[PlyCount "56"]
[EventDate "2020.03.06"]
[EventType "swiss"]
[EventRounds "7"]
[EventCountry "PAR"]
[SourceTitle "CBM 195 Extra"]
[Source "ChessBase"]
[SourceDate "2020.05.31"]
[SourceVersion "1"]
[SourceVersionDate "2020.05.31"]
[SourceQuality "1"]

1. e4 c5 2. d4 cxd4 3. c3 dxc3 4. Nxc3 Nc6 5. Nf3 e6 6. Bc4 a6 7. 0-0 b5 8. Bb3 Bb7 9. Qe2 Nge7 10. Bg5 f6 11. Be3 Ng6 12. Rfd1 Qe7 13. Rac1 Na5 14. Bc2 Nc4 15. Bd3 Nxe3 16. Qxe3 Ne5 17. Nxe5 fxe5 18. Nxb5 axb5 19. Bxb5 Rc8 20. Qb6 Rxc1 21. Rxc1 Bxe4 22. Rc7 Qd6 23. Rc8+ Ke7 24. Qd8+ Kf7 25. Qe8+ Kf6 26. h4 Qd1+ 27. Kh2 Qg4 28. f3 Qxh4+ 0-1

[Event "PAR-ch sf"]
[Site "Asuncion"]
[Date "2017.08.12"]
[Round "2"]
[White "Bergonzi, Osvaldo"]
[Black "Almiron, Antonio"]
[Result "0-1"]
[WhiteElo "1963"]
[BlackElo "2309"]
[PlyCount "54"]
[EventDate "2017.08.11"]
[EventType "swiss"]
[EventRounds "9"]
[EventCountry "PAR"]
[SourceTitle "CBM 180 Extra"]
[Source "ChessBase"]
[SourceDate "2017.10.06"]
[SourceVersion "1"]
[SourceVersionDate "2017.10.06"]
[SourceQuality "1"]

1. d4 d5 2. Bf4 Nf6 3. e3 c5 4. c3 Nc6 5. Nd2 e6 6. Ngf3 Bd6 7. Bg3 0-0 8. Bd3 b6 9. Qe2 Bb7 10. e4 Be7 11. dxc5 bxc5 12. Rd1 Qb6 13. e5 Nd7 14. h4 h6 15. Bf4 c4 16. Bb1 Qxb2 17. Rh3 Qxc3 18. Bxh6 gxh6 19. Ng5 Qxe5 20. Re3 Qf6 21. Nh7 Qxh4 22. Rg3+ Kh8 23. Rh3 Qf4 24. Nxf8 Bxf8 25. Rf3 Qe5 26. Rxf7 Qxe2+ 27. Kxe2 Rd8 0-1

[Event "Asuncion Clasificatorio op 3rd"]
[Site "Asuncion"]
[Date "2017.02.25"]
[Round "3"]
[White "Riline Orso, Alejandro"]
[Black "Bergonzi, Osvaldo"]
[Result "1/2-1/2"]
[WhiteElo "2160"]
[BlackElo "1935"]
[PlyCount "114"]
[EventDate "2017.02.24"]
[EventType "swiss"]
[EventRounds "7"]
[EventCountry "PAR"]
[SourceTitle "CBM 177 Extra"]
[Source "ChessBase"]
[SourceDate "2017.04.27"]
[SourceVersion "1"]
[SourceVersionDate "2017.04.27"]
[SourceQuality "1"]

1. d4 Nf6 2. Nf3 g6 3. Bf4 d6 4. e3 Bg7 5. h3 0-0 6. c4 c5 7. Nc3 cxd4 8. exd4 d5 9. c5 b6 10. b4 a5 11. a3 Ne4 12. Nxe4 dxe4 13. Ne5 axb4 14. axb4 Rxa1 15. Qxa1 Bxe5 16. dxe5 Nc6 17. Qc3 Be6 18. Bh6 Re8 19. Bb5 Qd5 20. 0-0 Nd4 21. Ba6 b5 22. Kh1 Qc4 23. Qxc4 Bxc4 24. Rd1 Nc6 25. Bb7 Nxb4 26. Bxe4 f5 27. exf6 exf6 28. Rd4 f5 29. Bb7 Nd3 30. c6 Nc5 31. Be3 Ne6 32. Rd7 f4 33. Bb6 Nf8 34. Rd8 Rxd8 35. Bxd8 Bd5 36. f3 Kf7 37. Ba5 Ne6 38. Bd2 g5 39. Bc3 h5 40. Kg1 Ke7 41. Kf2 Kd6 42. Bb4+ Ke5 43. Be7 Kf5 44. Ke1 Nd4 45. Bc8+ Be6 46. Bd7 b4 47. Bc5 Nc2+ 48. Kd2 b3 49. Be8 Ne3 50. Kc1 Nxg2 51. Bxh5 Ke5 52. c7 Ne3 53. Be7 Nd5 54. Bxg5 Nxc7 55. h4 Bd5 56. Bg4 Nb5 57. Bh6 Bg8 1/2-1/2

[Event "PAR-ch op"]
[Site "Asuncion"]
[Date "2016.10.23"]
[Round "3"]
[White "Bergonzi, Osvaldo"]
[Black "Franco Pinanez, Miguel Augusto"]
[Result "1-0"]
[WhiteElo "1930"]
[BlackElo "1718"]
[PlyCount "95"]
[EventDate "2016.10.21"]
[EventType "swiss"]
[EventRounds "9"]
[EventCountry "PAR"]
[SourceTitle "EXT 2018"]
[Source "ChessBase"]
[SourceDate "2017.10.13"]
[SourceVersion "1"]
[SourceVersionDate "2017.10.13"]
[SourceQuality "1"]

1. e4 e6 2. d4 c5 3. d5 Nf6 4. Nc3 d6 5. Nf3 Be7 6. Be2 0-0 7. 0-0 Na6 8. h3 Nc7 9. a4 b6 10. Bf4 a6 11. dxe6 Bxe6 12. Ng5 Bc8 13. Bc4 h6 14. Nf3 Be6 15. Bxe6 Nxe6 16. Bh2 b5 17. axb5 axb5 18. Qe2 b4 19. Nd5 Nxd5 20. exd5 Rxa1 21. Rxa1 Ng5 22. Nd2 Re8 23. Re1 Nh7 24. Nc4 Nf6 25. Qf3 Bf8 26. Rxe8 Qxe8 27. Bxd6 Bxd6 28. Nxd6 Qe1+ 29. Kh2 Qe5+ 30. Qg3 Qxd5 31. Qd3 Qe5+ 32. Qg3 Qxb2 33. Nf5 Nh5 34. Nxh6+ Kh7 35. Qg5 gxh6 36. Qxh5 Qxc2 37. Qxf7+ Kh8 38. f4 b3 39. f5 Qc3 40. Qe8+ Kh7 41. Qg6+ Kh8 42. Qxh6+ Kg8 43. Qe6+ Kh7 44. f6 Qd2 45. Qf7+ Kh6 46. Qg7+ Kh5 47. Qg3 b2 48. Qb8 1-0

[Event "Asuncion Clasificatorio op 6th"]
[Site "Asuncion"]
[Date "2016.10.01"]
[Round "2.4"]
[White "Avalos Arguello, Jose Mathias"]
[Black "Bergonzi, Osvaldo"]
[Result "0-1"]
[WhiteElo "1693"]
[BlackElo "1930"]
[PlyCount "104"]
[EventDate "2016.09.30"]
[EventType "swiss"]
[EventRounds "7"]
[EventCountry "PAR"]
[SourceTitle "EXT 2023"]
[Source "ChessBase"]
[SourceDate "2022.10.05"]
[SourceVersion "1"]
[SourceVersionDate "2022.10.05"]
[SourceQuality "1"]

1. d4 Nf6 2. c4 e6 3. Nc3 Bb4 4. Qc2 c5 5. dxc5 0-0 6. Nf3 Na6 7. a3 Bxc3+ 8. Qxc3 Nxc5 9. Bg5 Nce4 10. Bxf6 Nxf6 11. e3 b6 12. Be2 Bb7 13. 0-0 Qc7 14. h3 Rac8 15. Rac1 d6 16. Rfd1 Ne4 17. Qc2 Qe7 18. Bd3 f5 19. Nd2 Nc5 20. Be2 Rf6 21. Bf3 Bxf3 22. Nxf3 Rg6 23. h4 Rg4 24. g3 Ne4 25. Kg2 Qb7 26. Qe2 h6 27. Kh3 Qe7 28. Nh2 Rg6 29. Rg1 e5 30. f3 Nf6 31. g4 Qe6 32. h5 fxg4+ 33. fxg4 Nxh5 34. Qd3 e4 35. Qd5 Qxd5 36. cxd5 Rxc1 37. Rxc1 Nf6 38. Rc8+ Kh7 39. Ra8 Nxd5 40. Nf1 Rf6 41. Kg2 Rf3 42. Rxa7 Nxe3+ 43. Nxe3 Rxe3 44. b4 d5 45. Ra6 d4 46. Rxb6 Rxa3 47. Rd6 d3 48. Kf2 Rb3 49. Rd4 d2 50. Ke2 e3 51. b5 Rb1 52. b6 Re1+ 0-1

[Event "Asuncion Clasificatorio op 4th"]
[Site "Asuncion"]
[Date "2016.07.02"]
[Round "3.7"]
[White "Salinas, Victor"]
[Black "Bergonzi, Osvaldo"]
[Result "0-1"]
[WhiteElo "1634"]
[BlackElo "1966"]
[PlyCount "58"]
[EventDate "2016.07.01"]
[EventType "swiss"]
[EventRounds "7"]
[EventCountry "PAR"]
[SourceTitle "EXT 2023"]
[Source "ChessBase"]
[SourceDate "2022.10.05"]
[SourceVersion "1"]
[SourceVersionDate "2022.10.05"]
[SourceQuality "1"]

1. Nf3 Nf6 2. g3 g6 3. Bg2 Bg7 4. 0-0 c5 5. d3 Nc6 6. e4 d6 7. Re1 0-0 8. c3 e5 9. Nbd2 Rb8 10. Nf1 b5 11. Ne3 a5 12. Nd5 Nxd5 13. exd5 Ne7 14. c4 Ba6 15. Qc2 bxc4 16. dxc4 Rb4 17. Nd2 Nf5 18. a3 Nd4 19. Qd1 Rb6 20. Rb1 Qd7 21. b3 Rfb8 22. Re3 Bh6 23. Ne4 Kg7 24. Rd3 Bxc1 25. Rxd4 exd4 26. Qxc1 h6 27. Qf4 Qf5 28. Qh4 g5 29. Qh5 Bxc4 0-1

[Event "Asuncion Clasificatorio op 3rd"]
[Site "Asuncion"]
[Date "2016.06.12"]
[Round "6.3"]
[White "Bergonzi, Osvaldo"]
[Black "Britez, G Jorge A"]
[Result "1-0"]
[WhiteElo "1963"]
[BlackElo "1797"]
[PlyCount "47"]
[EventDate "2016.06.10"]
[EventType "swiss"]
[EventRounds "7"]
[EventCountry "PAR"]
[SourceTitle "EXT 2023"]
[Source "ChessBase"]
[SourceDate "2022.10.05"]
[SourceVersion "1"]
[SourceVersionDate "2022.10.05"]
[SourceQuality "1"]

1. d4 Nf6 2. c4 g6 3. Nc3 d5 4. Nf3 Bg7 5. g3 0-0 6. cxd5 Nxd5 7. Bg2 c5 8. 0-0 Nxc3 9. bxc3 Nc6 10. d5 Bxc3 11. Bh6 Bxa1 12. Qxa1 Nd4 13. Nxd4 cxd4 14. Qxd4 e5 15. Qxe5 f6 16. Qd4 Re8 17. d6 Re5 18. Rd1 Be6 19. Bxb7 Rb8 20. Qxa7 Rh5 21. Bd5 Rxh6 22. Bxe6+ Kh8 23. d7 Rh5 24. Qxb8 1-0

[Event "Asuncion Clasificatorio op 3rd"]
[Site "Asuncion"]
[Date "2016.06.11"]
[Round "4.3"]
[White "Benitez Irazusta, Eduardo A"]
[Black "Bergonzi, Osvaldo"]
[Result "1-0"]
[WhiteElo "1726"]
[BlackElo "1963"]
[PlyCount "45"]
[EventDate "2016.06.10"]
[EventType "swiss"]
[EventRounds "7"]
[EventCountry "PAR"]
[SourceTitle "EXT 2023"]
[Source "ChessBase"]
[SourceDate "2022.10.05"]
[SourceVersion "1"]
[SourceVersionDate "2022.10.05"]
[SourceQuality "1"]

1. e4 d6 2. d4 Nf6 3. Bd3 g6 4. Ne2 Bg7 5. 0-0 0-0 6. Nd2 e5 7. c3 Nc6 8. h3 d5 9. f4 exd4 10. e5 Ne4 11. Nxe4 dxe4 12. Bxe4 dxc3 13. Nxc3 Nd4 14. Be3 Nf5 15. Bc5 Qh4 16. Qf3 c6 17. g4 Qg3+ 18. Qg2 Qxg2+ 19. Kxg2 Nh4+ 20. Kg3 g5 21. fxg5 Ng6 22. Bxg6 hxg6 23. Bxf8 1-0

[Event "Asuncion Mayor Clasif op"]
[Site "Asuncion"]
[Date "2016.02.29"]
[Round "6"]
[White "Pereira, Sergio1111"]
[Black "Bergonzi, Osvaldo"]
[Result "1-0"]
[WhiteElo "1910"]
[BlackElo "1986"]
[PlyCount "95"]
[EventDate "2016.02.26"]
[EventType "swiss"]
[EventRounds "7"]
[EventCountry "PAR"]
[SourceTitle "CBM 171 Extra"]
[Source "ChessBase"]
[SourceDate "2016.04.26"]
[SourceVersion "1"]
[SourceVersionDate "2016.04.26"]
[SourceQuality "1"]

1. e4 d6 2. d4 Nf6 3. Nc3 e5 4. Nf3 exd4 5. Nxd4 Be7 6. Be2 0-0 7. 0-0 Re8 8. f4 Bf8 9. Bf3 c6 10. Re1 Na6 11. Be3 Nc5 12. Bf2 a5 13. a4 Qb6 14. Nb3 Be6 15. Nxc5 dxc5 16. Rb1 Rad8 17. Qe2 Qb4 18. Bh4 Be7 19. Qf2 c4 20. Kh1 Qc5 21. Qxc5 Bxc5 22. e5 Ng4 23. Bxg4 Bxg4 24. Bxd8 Rxd8 25. Ne4 Bb4 26. c3 Be7 27. h3 Bf5 28. g4 Be6 29. Rbd1 Rd3 30. Rxd3 cxd3 31. Kh2 Bb3 32. Nd2 Bxa4 33. Ra1 Bb5 34. Rxa5 Ba6 35. Kg2 f6 36. Kf3 fxe5 37. Rxe5 Kf7 38. Ke3 Bd6 39. Ra5 Bc7 40. Ra1 h6 41. c4 Ke6 42. f5+ Kf6 43. Kxd3 Be5 44. Ra2 h5 45. Ne4+ Kf7 46. gxh5 Bh2 47. Nc5 Kf6 48. Nxa6 1-0

[Event "Asuncion Mayor Clasif op"]
[Site "Asuncion"]
[Date "2016.02.27"]
[Round "2"]
[White "Aguero Centurio, Abel Alejandro"]
[Black "Bergonzi, Osvaldo"]
[Result "1-0"]
[WhiteElo "1745"]
[BlackElo "1986"]
[PlyCount "47"]
[EventDate "2016.02.26"]
[EventType "swiss"]
[EventRounds "7"]
[EventCountry "PAR"]
[SourceTitle "CBM 171 Extra"]
[Source "ChessBase"]
[SourceDate "2016.04.26"]
[SourceVersion "1"]
[SourceVersionDate "2016.04.26"]
[SourceQuality "1"]

1. d4 Nf6 2. Nf3 e6 3. Bf4 c5 4. e3 b6 5. Nbd2 Be7 6. c3 Bb7 7. Be2 cxd4 8. cxd4 Nh5 9. Bg3 d6 10. 0-0 Nxg3 11. hxg3 Nd7 12. Rc1 0-0 13. Qc2 Nf6 14. Qc7 Rb8 15. Qc2 Qd7 16. Qb3 a6 17. Rc2 b5 18. Rfc1 Bd8 19. Qd3 Nd5 20. a3 f5 21. e4 fxe4 22. Nxe4 Bb6 23. Nfg5 h6 24. Nc5 1-0

[Event "Asuncion op"]
[Site "Asuncion"]
[Date "2015.10.18"]
[Round "9"]
[White "Bergonzi, Osvaldo"]
[Black "Benitez Galeano, Alejandro"]
[Result "1/2-1/2"]
[WhiteElo "1995"]
[BlackElo "1786"]
[PlyCount "129"]
[EventDate "2015.10.08"]
[EventType "swiss"]
[EventRounds "9"]
[EventCountry "PAR"]
[SourceTitle "CBM 168 Extra"]
[Source "ChessBase"]
[SourceDate "2015.10.29"]
[SourceVersion "1"]
[SourceVersionDate "2015.10.29"]
[SourceQuality "1"]

1. e4 e5 2. Nf3 Nc6 3. Bb5 a6 4. Ba4 Nf6 5. Bxc6 dxc6 6. d3 Bd6 7. Nbd2 0-0 8. 0-0 Re8 9. a4 Bg4 10. h3 Bh5 11. Nc4 Nd7 12. g4 Bg6 13. b3 c5 14. Bb2 f6 15. Nh4 Bf7 16. Nf5 Nf8 17. f4 Bxc4 18. Nxd6 Qxd6 19. fxe5 fxe5 20. dxc4 Qe6 21. Qd5 Qxd5 22. cxd5 Ng6 23. Rf5 Rad8 24. Raf1 Rd7 25. Kh2 Rde7 26. R1f2 Nh8 27. a5 Nf7 28. Re2 Nd6 29. Rf3 b6 30. c4 Rb8 31. Ba3 Ree8 32. Rc3 Rf8 33. axb6 cxb6 34. b4 Rf4 35. bxc5 bxc5 36. Bc1 Rxe4 37. Rxe4 Nxe4 38. Re3 Rb1 39. Ba3 Nd2 40. Rd3 Nxc4 41. d6 Rb8 42. d7 Rd8 43. Bxc5 e4 44. Rd4 Ne5 45. Rxe4 Nxd7 46. Rd4 Rc8 47. Rxd7 Rxc5 48. Ra7 Ra5 49. h4 h5 50. gxh5 Kh7 51. Ra8 Ra4 52. Kg3 Ra1 53. Kg4 a5 54. h6 Kxh6 55. Rh8+ Kg6 56. h5+ Kf7 57. Ra8 a4 58. Kf5 a3 59. Ra7+ Kf8 60. Kg6 a2 61. Ra8+ Ke7 62. Ra7+ Kd6 63. Ra6+ Kc7 64. Kxg7 Rg1+ 65. Kf6 1/2-1/2

[Event "Asuncion Clasificatorio op 4th"]
[Site "Asuncion"]
[Date "2015.08.16"]
[Round "7.1"]
[White "Bergonzi, Osvaldo"]
[Black "Morales, Ever"]
[Result "1/2-1/2"]
[WhiteElo "1990"]
[BlackElo "1980"]
[PlyCount "89"]
[EventDate "2015.08.14"]
[EventType "swiss"]
[EventRounds "7"]
[EventCountry "PAR"]
[SourceTitle "EXT 2023"]
[Source "ChessBase"]
[SourceDate "2022.10.05"]
[SourceVersion "1"]
[SourceVersionDate "2022.10.05"]
[SourceQuality "1"]

1. e4 c5 2. Nf3 e6 3. d3 Nc6 4. g3 g6 5. Bg2 Bg7 6. 0-0 Nge7 7. Nbd2 d6 8. c3 b5 9. a4 b4 10. cxb4 Nxb4 11. Nc4 0-0 12. e5 d5 13. Nd6 Ba6 14. Nb5 Qb6 15. Bg5 Nec6 16. Re1 Bxb5 17. axb5 Qxb5 18. d4 cxd4 19. Nxd4 Nxd4 20. Qxd4 Nc2 21. Qf4 Nxa1 22. Rxa1 Qxb2 23. Re1 Rac8 24. Bf1 a5 25. h4 Qb4 26. Qxb4 axb4 27. Be7 b3 28. Bxf8 Bxf8 29. Rb1 Rc3 30. Kg2 Bc5 31. Be2 d4 32. Bd1 Ba3 33. Bxb3 Rc1 34. Rxc1 Bxc1 35. Kf3 Kf8 36. Ke4 Bb2 37. g4 h6 38. f4 Ke7 39. g5 h5 40. Bc4 Bc3 41. Bd3 Be1 42. Kxd4 Bxh4 43. Bb5 Be1 44. Ke3 h4 45. Bf1 1/2-1/2

[Event "Asuncion Clasificatorio op 4th"]
[Site "Asuncion"]
[Date "2015.08.16"]
[Round "5.7"]
[White "Bergonzi, Osvaldo"]
[Black "Ocampos, Martin Carlos"]
[Result "1-0"]
[WhiteElo "1990"]
[BlackElo "1685"]
[PlyCount "41"]
[EventDate "2015.08.14"]
[EventType "swiss"]
[EventRounds "7"]
[EventCountry "PAR"]
[SourceTitle "EXT 2023"]
[Source "ChessBase"]
[SourceDate "2022.10.05"]
[SourceVersion "1"]
[SourceVersionDate "2022.10.05"]
[SourceQuality "1"]

1. e4 c5 2. Nf3 d6 3. g3 Nf6 4. d3 g6 5. Bg2 Bg7 6. 0-0 0-0 7. Nbd2 Nc6 8. a4 d5 9. exd5 Nxd5 10. Re1 Re8 11. c3 Bf5 12. Nb3 b6 13. d4 cxd4 14. Nbxd4 Nxd4 15. Nxd4 Bxd4 16. Qxd4 Be6 17. Bh6 Nf6 18. Bxa8 Qxa8 19. Qf4 Nh5 20. Qe3 Bd5 21. f4 1-0

[Event "Asuncion Clasificatorio op 3rd"]
[Site "Asuncion"]
[Date "2015.07.18"]
[Round "4.1"]
[White "Bento, Robert"]
[Black "Bergonzi, Osvaldo"]
[Result "0-1"]
[WhiteElo "1656"]
[BlackElo "1990"]
[PlyCount "84"]
[EventDate "2015.07.17"]
[EventType "swiss"]
[EventRounds "7"]
[EventCountry "PAR"]
[SourceTitle "EXT 2023"]
[Source "ChessBase"]
[SourceDate "2022.10.05"]
[SourceVersion "1"]
[SourceVersionDate "2022.10.05"]
[SourceQuality "1"]

1. e4 d6 2. d4 Nf6 3. Nc3 g6 4. Bg5 h6 5. Bh4 c6 6. f4 Bg7 7. Qd2 0-0 8. 0-0-0 b5 9. e5 b4 10. exf6 bxc3 11. Qxc3 exf6 12. Bd3 Be6 13. Kb1 Qc8 14. Ne2 Nd7 15. f5 gxf5 16. Rhf1 Nb6 17. Ng3 Nd5 18. Qd2 f4 19. Nh5 Rb8 20. Nxg7 Kxg7 21. g3 Bg4 22. Rde1 Re8 23. Rxe8 Qxe8 24. c4 Qe3 25. Qxe3 Nxe3 26. Rxf4 f5 27. Be7 d5 28. c5 Re8 29. Bd6 f6 30. b3 Ng2 31. Rf1 Be2 32. Bxe2 Rxe2 33. b4 Ne3 34. Rc1 a6 35. a4 Nc4 36. Ka1 Na3 37. b5 axb5 38. a5 Nc2+ 39. Kb1 Na3+ 40. Ka1 b4 41. a6 b3 42. Rf1 Ra2# 0-1

[Event "Asuncion Mayor op 2nd"]
[Site "Asuncion"]
[Date "2015.06.14"]
[Round "7"]
[White "Bergonzi, Osvaldo"]
[Black "Avalos Arguello, Jose Mathias"]
[Result "1/2-1/2"]
[WhiteElo "2031"]
[BlackElo "1678"]
[PlyCount "113"]
[EventDate "2015.06.12"]
[EventType "swiss"]
[EventRounds "7"]
[EventCountry "PAR"]
[SourceTitle "EXT 2017"]
[Source "ChessBase"]
[SourceDate "2016.10.25"]
[SourceVersion "1"]
[SourceVersionDate "2016.10.25"]
[SourceQuality "1"]

1. e4 c5 2. c3 e6 3. d4 d5 4. exd5 Qxd5 5. Nf3 Nf6 6. Na3 a6 7. Nc4 Nbd7 8. Be2 b5 9. Ne3 Qd6 10. 0-0 Bb7 11. a4 Qb6 12. axb5 axb5 13. Rxa8+ Bxa8 14. Qb3 c4 15. Qa2 Bc6 16. b3 cxb3 17. Qxb3 b4 18. Ne5 Nxe5 19. dxe5 Nd7 20. Nc4 Qb8 21. cxb4 Qxb4 22. Qg3 Bb5 23. Ba3 Qa4 24. Bxf8 Kxf8 25. Rc1 g6 26. h4 h5 27. Qg5 Bxc4 28. Bxc4 Kg7 29. Bxe6 fxe6 30. Qe7+ Kh6 31. Qxe6 Qf4 32. Rc4 Qxe5 33. Qxd7 Qe1+ 34. Kh2 Qxf2 35. Qd5 Rf8 36. Qg5+ Kh7 37. Re4 Rf7 38. Qe5 Qf6 39. Qg3 Qf5 40. Qe3 Qf6 41. Qe2 Qf5 42. Qc4 Qf6 43. Qe2 Qf2 44. Qxf2 Rxf2 45. Re7+ Kh6 46. Kg3 Rf5 47. Kh3 Rf6 48. g3 Rf2 49. Re4 Kg7 50. g4 Rf3+ 51. Kg2 hxg4 52. Rxg4 Rf5 53. Kg3 Kh6 54. Rb4 g5 55. Kg4 Rf4+ 56. Rxf4 gxf4 57. Kxf4 1/2-1/2